000
00247nam a22001097a 4500
082
_a
635 GAR'S
100
_a
SARA, DORATHY
_9
79888
245
_a
635 GAR'S THE AMERICAN FAMILY
260
_a
NEWYORK
_b
BOOKS INC
_c
1967
300
_a
810P
942
_c
BK
999
_c
584872
_d
584872